| 000 | 00717 a2200205 4500 | ||
|---|---|---|---|
| 003 | Nust | ||
| 005 | 20170207154051.0 | ||
| 010 | _a 2002033912 | ||
| 020 | _a0865879478 | ||
| 040 | _cNust | ||
| 082 | 0 | 0 | _a620.86 |
| 100 | 1 | _aJanicak, Christopher A. | |
| 245 | 1 | 0 |
_aSafety metrics :tools and techniques for measuring safety performance -(E-BOOK) _cChristopher A. Janicak. |
| 260 |
_aRockville, MD : _bGovernment Institutes, _c2003. |
||
| 300 |
_axix, 208 p. : _bill. ; _c26 cm. |
||
| 650 | 0 |
_aIndustrial management _xEvaluation _xStatistical methods. |
|
| 650 | 0 |
_aIndustrial safety _xEvaluation _xStatistical methods. |
|
| 651 | _aE-BOOK | ||
| 856 | 4 | 1 |
_3Table of contents _uhttp://www.loc.gov/catdir/toc/fy041/2002033912.html |
| 942 |
_2ddc _cBK |
||
| 999 |
_c193126 _d193126 |
||